| 000 | 00722nam a2200205Ii 4500 | ||
|---|---|---|---|
| 003 | JO-AjNU | ||
| 008 | 230605s9999||||xx |||||||||||||| ||und|| | ||
| 017 | _a1996/10/1358 | ||
| 040 |
_aJO-AjNU _bara _erda _cJO-AjNU |
||
| 041 | _aara | ||
| 050 | 1 | 4 | _aS561.R4522 1997 |
| 100 | 3 |
_aالقاضي ، عبدالفتاح صالح/ م مشارك احمد شكري الريماوي , _eauthor _931844 |
|
| 245 | 0 | 0 | _aمبادئ في الادارة المزرعية |
| 264 | 3 | 1 | _aعمان:دار حنين للنشر ، 1997 |
| 300 | _a374ص | ||
| 336 |
_atext _btxt _2rdacontent |
||
| 337 |
_aunmediated _bn _2rdamedia |
||
| 338 |
_avolume _bnc _2rdacarrier |
||
| 650 | 4 |
_aالارشاد الزراعي - الزراعة _931845 |
|
| 999 |
_aA12784 _c16352 _d16352 |
||